ARRUPE JESUIT UNIVERSITY

CORONAVIRUS -STOP THE SPREAD - CLEAN,DISINFECT,COVER

Ethics and engineering curricula / (Record no. 118862)

MARC details
000 -LEADER
fixed length control field 00821pam a2200265 i 4500
001 - CONTROL NUMBER
control field 1825803
003 - CONTROL NUMBER IDENTIFIER
control field ARRUPE
005 - DATE AND TIME OF LATEST TRANSACTION
control field 20131129133825.0
008 - FIXED-LENGTH DATA ELEMENTS--GENERAL INFORMATION
fixed length control field 800122s1980 nyu b 000 0 eng
010 ## - LIBRARY OF CONGRESS CONTROL NUMBER
LC control number 80010099
020 ## - INTERNATIONAL STANDARD BOOK NUMBER
International Standard Book Number 0916558126
040 ## - CATALOGING SOURCE
Original cataloging agency DLC
Transcribing agency DLC
Modifying agency DLC
050 00 - LIBRARY OF CONGRESS CALL NUMBER
Classification number TA157
Item number .B343 1980
082 00 - DEWEY DECIMAL CLASSIFICATION NUMBER
Classification number 174/.962
300 ## - PHYSICAL DESCRIPTION
Dimensions 23 cm.
100 1# - MAIN ENTRY--PERSONAL NAME
Personal name Baum, Robert J.
9 (RLIN) 4451
245 10 - TITLE STATEMENT
Title Ethics and engineering curricula /
Statement of responsibility, etc Robert J. Baum.
260 ## - PUBLICATION, DISTRIBUTION, ETC. (IMPRINT)
Place of publication, distribution, etc Hastings-on-Hudson, N.Y. :
Name of publisher, distributor, etc Hastings Center,
Date of publication, distribution, etc c1980.
300 ## - PHYSICAL DESCRIPTION
Extent x, 79 p. ;
490 1# - SERIES STATEMENT
Series statement The Teaching of ethics ; 7
504 ## - BIBLIOGRAPHY, ETC. NOTE
Bibliography, etc Bibliography: p. 77-79.
650 #0 - SUBJECT ADDED ENTRY--TOPICAL TERM
Topical term or geographic name as entry element Engineering ethics
General subdivision Study and teaching (Higher)
9 (RLIN) 4452
830 #0 - SERIES ADDED ENTRY--UNIFORM TITLE
Uniform title Teaching of ethics ;
Volume number/sequential designation 7.
9 (RLIN) 4453
906 ## - LOCAL DATA ELEMENT F, LDF (RLIN)
a 7
b cbc
c orignew
d 1
e ocip
f 19
g y-gencatlg
942 ## - ADDED ENTRY ELEMENTS (KOHA)
Source of classification or shelving scheme Library of Congress Classification
Koha item type Monograph ( Printed materials)
Holdings
Withdrawn status Lost status Source of classification or shelving scheme Damaged status Not for loan Home library Current library Shelving location Date acquired Total Checkouts Full call number Barcode Date last seen Price effective from Koha item type
    Library of Congress Classification     ARRUPE LIBRARY ARRUPE LIBRARY Main Collection 29/11/2013   TA157 .B343 1980 46410235 29/11/2013 29/11/2013 Monograph ( Printed materials)

 

Arrupe Library. PO Box MP320 Mt Pleasant, Harare, Zimbabwe
263 242 745411|librarian@aju.ac.zw